000 00592nam a22001937a 4500
008 150521b xxu||||| |||| 00| 0 eng d
020 _a9780781781572
020 _a0781781574
041 0 _aeng
080 _a61
100 _aCarol R. Taylor
245 0 0 _aFundamentals of nursing :
_cCarol R. Taylor ... [et al.].
250 _a6th ed.
260 _aPhiladelphia :
_bLippincott Williams & Wilkins,
_cc2008.
300 _a1741, 2, 6, 24, 46 f. :
_bme il. ;
_c29 cm. +
650 0 _aInfermieri
700 1 _aTaylor, Carol
_q(Carol R.)
942 _2udc
_cBK
999 _c886
_d886